Plan de medicina y seguridad. (Registro nro. 121472)
[ vista simple ]
| 000 -LEADER | |
|---|---|
| campo de control de longitud fija | 00388nam a2200145 4500 |
| 001 - NÚMERO DE CONTROL | |
| campo de control | 121472 |
| 003 - IDENTIFICADOR DE NÚMERO DE CONTROL | |
| campo de control | ES-MaACL |
| 007 - CAMPO FIJO DE DESCRIPCIÓN FÍSICA--INFORMACIÓN GENERAL | |
| campo de control de longitud fija | t| |
| 008 - DATOS DE LONGITUD FIJA--INFORMACIÓN GENERAL | |
| campo de control de longitud fija | 070214s1973 sp r ||||1| spa d |
| 110 2# - ENTRADA PRINCIPAL--NOMBRE DE ENTIDAD CORPORATIVA | |
| Nombre de entidad corporativa o nombre de jurisdicción como elemento de entrada | Central Nuclear de Almaraz. |
| 9 (RLIN) | 2536 |
| 245 10 - MENCIÓN DEL TÍTULO | |
| Título | Plan de medicina y seguridad. |
| 260 ## - PUBLICACIÓN, DISTRIBUCIÓN, ETC. | |
| Lugar de publicación, distribución, etc. | [S. l.] : |
| Nombre del editor, distribuidor, etc. | EPTISA [etc.], |
| Fecha de publicación, distribución, etc. | 1973. |
| 300 ## - DESCRIPCIÓN FÍSICA | |
| Extensión | 61 f. ; |
| Dimensiones | 30 cm. |
| 852 ## - LOCALIZACIÓN | |
| Ubicación | ES-MaACL |
| Número de control de estantería | E-9672 |
| Sublocalización o colección | R.88426 |
| Estatus retirado | Estado de pérdida | Estado de daño | No para préstamo | Biblioteca de origen | Biblioteca actual | Ubicación en estantería | Fecha de adquisición | Fuente de adquisición | Total de préstamos | Signatura topográfica completa | Código de barras | Visto por última vez | Precio de reemplazo | Tipo de ítem Koha |
|---|---|---|---|---|---|---|---|---|---|---|---|---|---|---|
| Biblioteca del Ateneo de Madrid | Biblioteca del Ateneo de Madrid | Depósito 2 | 17/01/2008 | E-9672 | 1126593 | 23/02/2023 | 23/02/2023 | Libro impreso |
